| 000 | 00377nam a2200145Ia 4500 | ||
|---|---|---|---|
| 008 | 210210b1972 xxu||||| |||| 00| 0 eng d | ||
| 020 | _a0 1408 0251 7 | ||
| 082 | _a371.397 TAYS | ||
| 100 | _aTAYLOR (John L) and WALFORD (Rex). | ||
| 245 | _aSimulation in the classroom. | ||
| 260 |
_aEngland. _bPenguin Books _c1972 |
||
| 300 | _a190 | ||
| 690 | _aEducation | ||
| 906 | _a041768 | ||
| 999 |
_c91831 _d91831 |
||